Gaming Quiz

Random Gaming or Football Quiz
Score 0/50 Timer 08:00
0 Plays Today
Position Player % Correct
QuarterbackPeyton Manning
96.5%
QuarterbackTom Brady
94.7%
QuarterbackDrew Brees
88.3%
Wide ReceiverAndre Johnson
84.9%
Wide ReceiverCalvin Johnson
84.8%
Running BackAdrian Peterson
82.7%
QuarterbackPhilip Rivers
73.5%
QuarterbackDonovan McNabb
69.8%
Tight EndTony Gonzalez
69.2%
Wide ReceiverLarry Fitzgerald
68.9%
Wide ReceiverRandy Moss
65.9%
Running BackLaDainian Tomlinson
65.3%
QuarterbackBen Roethlisberger
64.5%
Tight EndAntonio Gates
64.5%
Running BackThomas Jones
63.6%
DefenseRay Lewis
62.9%
QuarterbackTony Romo
60.8%
QuarterbackKurt Warner
60.1%
Running BackDeAngelo Williams
59.3%
DefenseKevin Williams
58.9%
Running BackSteven Jackson
58.8%
QuarterbackJay Cutler
57.4%
Wide ReceiverSteve Smith
57.4%
Tight EndJason Witten
57.3%
DefenseEd Reed
56.1%
Position Player % Correct
QuarterbackCarson Palmer
51.9%
DefenseTroy Polamalu
51.8%
Running BackMichael Turner
49.8%
Wide ReceiverTerrell Owens
49.2%
Tight EndDallas Clark
47.5%
Wide ReceiverAnquan Boldin
47%
Running BackFrank Gore
44.4%
Wide ReceiverReggie Wayne
44.4%
Running BackBrian Westbrook
41.2%
Running BackBrandon Jacobs
37.6%
Running BackClinton Portis
37.4%
DefenseJared Allen
37%
Tight EndHeath Miller
36.9%
Tight EndZach Miller
36.5%
DefensePatrick Willis
32.5%
Wide ReceiverRoddy White
32.4%
Wide ReceiverBrandon Marshall
31.6%
DefenseDeMarcus Ware
28.6%
Tight EndOwen Daniels
27.7%
DefenseAlbert Haynesworth
27.7%
DefenseNnamdi Asomugha
27.6%
Tight EndChris Cooley
27%
Tight EndKellen Winslow
26.7%
DefenseJulius Peppers
23.9%
Tight EndJohn Carlson
15.8%
Remove Ads.
Support Sporcle.
Get the best of Sporcle when you Go Orange. This ad-free experience offers more features, more stats, and more fun while also helping to support Sporcle. Thank you for becoming a member.

You're not logged in!

Compare scores with friends on all Sporcle quizzes.
OR
Log In

Show Comments

Extras

Top Quizzes Today


Score Distribution

Your Account Isn't Verified!

In order to create a playlist on Sporcle, you need to verify the email address you used during registration. Go to your Sporcle Settings to finish the process.

Report this User

Report this user for behavior that violates our Community Guidelines.

Details: